| 000 | 00747cab a2200205 4500 | ||
|---|---|---|---|
| 001 | ABS40880 | ||
| 008 | 090401t1988 xxu||||| |||| 00| 0 eng d | ||
| 035 | _a(Sirsi) u26673 | ||
| 041 | _aeng | ||
| 100 | _aAdair, A. | ||
| 245 | _aComputer assisted valuation of residential property | ||
| 260 | _c1988 | ||
| 350 | _a0 | ||
| 490 |
_aReal Estate Appraiser and Analyst _v54(4) Winter 1988, 18-21(4) |
||
| 520 | _aWith reference to a specific case study undertaken in Belfast, this article examines the merits of computer assisted valuation to value residential properties, focusing on the statistical technique of multi regression analysis . | ||
| 690 | _aRATING AND VALUATION | ||
| 700 | _aMcGreal, W. | ||
| 942 | _n0 | ||
| 948 | _c04/03/1997 | ||
| 999 |
_c17946 _d17946 |
||